000 00406nam a2200169Ia 4500
001 12919
003 IN-NITTTR
005 20251114233121.0
008 251113s9999||||xx |||||||||||||| ||eng||
040 _beng
040 _cIN-NITTTR
041 _aeng
082 _a371.335 M726E
100 _aMohanty, J.
245 0 _aEducational broadcasting :
_bradio and television /
_cMohanty, J.
942 _2ddc
_cBK
999 _c15555
_d15555